000 01094nam a22003257a 4500
003 CHAP
005 20220329135529.0
008 971013s1952 r 00010 d
010 _a38098
011 _a39070
035 _a43190
040 _cCHAP
090 _aTesis
100 0 0 _aQuiroga García, Luis Héctor.
_993496
245 _aObtención de glicerol por fermentación a partir de mieles finales de ingenio
260 _aMéxico, D. F. :
_bEl autor,
_c1952
300 _a21 p.
_b: ilus.
502 _aTesis (Químico zimólogo) -- IPN. Escuela Nacional de Ciencias Biológicas
590 _aALEPH
_b10
_c20130110
_lUCH01
_h1303
590 _aBATCH-UPD
_b10
_c20130110
_lUCH01
_h0117
590 _aBATCH-UPD
_b10
_c20130110
_lUCH01
_h1229
590 _aBATCH-UPD
_b10
_c20130409
_lUCH01
_h2109
590 _aBATCH-UPD
_b10
_c20130410
_lUCH01
_h0800
590 _aBATCH-UPD
_b10
_c20130914
_lUCH01
_h1809
590 _aCONVERSION
_b10
_c20130109
_lUCH01
_h1321
650 1 4 _aMelaza
_xFermentación.
_974314
901 _aBK
942 _cTESIS
949 _bBC
_cTES
_d-99140
_eTS1
_h19351
_i43190
_si
999 _c38098
_d38098